000 00298nam a22001337a 4500
008 171201b xxu||||| |||| 00| 0 eng d
020 _a707180001
041 _aeng
080 _a159.9
100 _a48
101 _aPSI
245 _aMEMORY FUNCTIONING IN DEMENTIA
_cBACKMAN, L
942 _2udc
_cBK
999 _c38701
_d38701